000 00524nam a22001817a 4500
005 20170817144732.0
010 _aENG-119843
020 _a9789382277743
_c499.00
035 _aEN-103375
037 _bDBAD/PUB
082 _aS
245 _aThe greatest Bengali stories ever told /
_ctranslated by Arunava Sinha
260 _aNew Delhi
_bAleph Book Company
_c2016
270 _a7/16 Ansari Road, Daryaganj
_bNew Delhi
_e110002
300 _axiv,288p.
_c21cm(Hb)
700 _aSinha, Arunava
942 _2ddc
_cEN
_hS
_mTHE
999 _c143478
_d143478